Classic Rock Guitarists - Statistics

General Stats
  • This quiz has been taken 84 times
  • The average score is 10 of 18
Answer Stats
Picture Answer % Correct
Brian May
88%
Jimi Hendrix
88%
Jimmy Page
85%
Eric Clapton
84%
Angus Young
78%
Keith Richards
69%
Tom Petty
64%
Carlos Santana
58%
David Gilmour
58%
Billy Gibbons
57%
Jerry Garcia
55%
Pete Townshend
55%
Alex Lifeson
37%
Randy Rhoads
36%
Steve Howe
13%
Robin Trower
12%
Alvin Lee
10%
Randy Bachman
9%
No matching quizzes found
Score Distribution
Percent of People with Each Score
Percentile by Number Answered
Your Score History
You have not taken this quiz